Dictionnaire de ouvrages anonymes / (Record no. 29161)

MARC details
000 -LEADER
campo de control de longitud fija 00670nam a2200193 i 4500
001 - NÚMERO DE CONTROL
campo de control 29161
003 - IDENTIFICADOR DE NÚMERO DE CONTROL
campo de control ES-MaACL
007 - CAMPO FIJO DE DESCRIPCIÓN FÍSICA--INFORMACIÓN GENERAL
campo de control de longitud fija t|
008 - DATOS DE LONGITUD FIJA--INFORMACIÓN GENERAL
campo de control de longitud fija 030121m18721879fr ||||1| fre d
100 1# - ENTRADA PRINCIPAL--NOMBRE DE PERSONA
Nombre de persona Barbier, Antoine Alexandre.
9 (RLIN) 25449
245 10 - MENCIÓN DEL TÍTULO
Título Dictionnaire de ouvrages anonymes /
Mención de responsabilidad, etc. par Antoine Alexandre Barbier.
250 ## - MENCION DE EDICION
Mención de edición 3eme ed., rev. et augm. par Olivier Barbier et Paul Billard.
260 ## - PUBLICACIÓN, DISTRIBUCIÓN, ETC.
Lugar de publicación, distribución, etc. París :
Nombre del editor, distribuidor, etc. [s.n.,
Fecha de publicación, distribución, etc. 1872-79] (
Fabricante Gauthier-Villars)
300 ## - DESCRIPCIÓN FÍSICA
Extensión 4 v. ;
Dimensiones 25 cm.
505 8# - NOTA DE CONTENIDO CON FORMATO
Nota de contenido con formato Contiene: V. I: A-D. -- V. II: E-L. -- V. III: M-Q. -- V. IV: R-Z
700 1# - ENTRADA AGREGADA--NOMBRE PERSONAL
Nombre de persona Barbier, Olivier.
9 (RLIN) 25459
700 1# - ENTRADA AGREGADA--NOMBRE PERSONAL
Nombre de persona Billard, Paul.
9 (RLIN) 28880
852 ## - LOCALIZACIÓN
Ubicación ES-MaACL
Número de control de estantería B-4329-32
Holdings
Estatus retirado Estado de pérdida Estado de daño No para préstamo Colección Biblioteca de origen Biblioteca actual Ubicación en estantería Fecha de adquisición Fuente de adquisición Total de préstamos Signatura topográfica completa Código de barras Visto por última vez Precio de reemplazo Tipo de ítem Koha
        Libros del s. XIX Biblioteca del Ateneo de Madrid Biblioteca del Ateneo de Madrid Sala Pardo Bazán 17/01/2008     B-4329-32 1030105 23/02/2023 23/02/2023 Libro impreso antiguo